Kviz o Varaždinskoj županiji - Statistics

General Stats
  • This quiz has been taken 4 times
  • The average score is 13 of 25
Answer Stats
Hint Answer % Correct
Naselje gdje se govori dijalekt koji gotovo nitko u Hrvatskoj ne razumije Bednja
75%
Političko tijelo osnovano od Marije Terezije sa sjedištem u Varaždinu Hrvatsko {kraljevsko} vijeće
75%
Pavlinski redovnik i leksikograf (Gazofilacij) Ivan Belostenec
75%
Povjesničar, književnik i arheolog; održao prvi saborski govor na hrvatskom jeziku (1843.) Ivan Kukuljević Sakcinski
75%
Ilirsko pleme koje je obitavalo uz Dravu Jasi
75%
Komunist i narodni heroj SFRJ po kojemu je nazvana zagrebačka tvornica keksa i čokolade Josip Kraš
75%
Poludragi kamen nastao od stijene vulkana Gaveznice lepoglavski {ahat}
75%
Grad koji se prema legendi nalazi na samom središtu svijeta Ludbreg
75%
Križ na grbu grada Ivanca (pomoć: grad je bio sjedište viteškog reda ivanovaca, tj. hospitalaca) {malteški} križ
75%
Varaždinski ulični festival Špancirfest
75%
Srednjovjekovni dvorac kojeg je u neogotičkom ruhu restaurirao grof, podmaršal i pionir fotografije Juraj VI. Drašković Trakošćan
75%
Katastrofa iz 1776. nakon koje se hrvatska vlada seli iz Varaždina u Zagreb varaždinski {požar}
75%
Povrtna sorta od koje se radi sarma varaždinsko {zelje}
75%
Naziv prehrambene tvrtke i špilje s nalazištem neandertalaca Vindija
75%
Povjesničar, nacionalistički političar, pionir albanologije i SF autor (Na Pacifiku god. 2255.); zbog njegovog atentata je protestirao Albert Einstein Milan Šufflay
50%
Isusovački misionar, kartograf, geolog, matematičar, prirodoslovac, astronom, graditelj i istraživač koji je dokazao da je Kalifornija poluotok Ferdinand Konščak
25%
Novinar, književnik i komediograf najpoznatiji po prijevodu stripa Alan Ford Nenad Brixy
25%
Putujuće društvo ljubitelja vina koje je osnovao plemić Baltazar III. Patačić (1696.) Pinta
25%
Varaždinska građanska garda utemeljena 1750. Purgari
25%
Jednodnevni socijalistički ustanak vojnika, građana i seljaka (1919.) {varaždinska} buna
25%
Varaždinski glazbeni festival Varaždinske {barokne} večeri
25%
Popularno tradicionalno pecivo varaždinski {klipič}
25%
Slavist i jezikoslovac (Istorija slavjanskoj filologii) Vatroslav Jagić
25%
Naivni slikar (Na bregovima – prašuma) Ivan Rabuzin
0%
Konstruktor motornih zrakoplova, hidroaviona i amfibija Rudolf Fizir
0%
No matching quizzes found
Score Distribution
Percent of People with Each Score
Percentile by Number Answered
Your Score History
You have not taken this quiz